Taller de escritores : (Record no. 23772)

MARC details
000 -LEADER
fixed length control field 01012cam a2200313 a 4500
001 - CONTROL NUMBER
control field 16574204
003 - CONTROL NUMBER IDENTIFIER
control field OSt
005 - DATE AND TIME OF LATEST TRANSACTION
control field 20211223145107.0
008 - FIXED-LENGTH DATA ELEMENTS--GENERAL INFORMATION
fixed length control field 101209s2012 maua 001 0 spa
010 ## - LIBRARY OF CONGRESS CONTROL NUMBER
LC control number 2010942654
020 ## - INTERNATIONAL STANDARD BOOK NUMBER
International Standard Book Number 9781617671005 (pbk.)
020 ## - INTERNATIONAL STANDARD BOOK NUMBER
International Standard Book Number 1617671002 (pbk.)
040 ## - CATALOGING SOURCE
Original cataloging agency DLC
Transcribing agency HU
041 0# - LANGUAGE CODE
Language code of text/sound track or separate title spa
-- eng
042 ## - AUTHENTICATION CODE
Authentication code pcc
050 00 - LIBRARY OF CONGRESS CALL NUMBER
Classification number PC4112
Item number .B54 2012
100 1# - MAIN ENTRY--PERSONAL NAME
Personal name Bleichmar, Guillermo.
9 (RLIN) 24692
245 10 - TITLE STATEMENT
Title Taller de escritores :
Remainder of title grammar and composition for advanced Spanish /
Statement of responsibility, etc. Guillermo Bleichmar, Paula Cañón.
250 ## - EDITION STATEMENT
Edition statement 1st ed.
260 ## - PUBLICATION, DISTRIBUTION, ETC.
Place of publication, distribution, etc. Boston, MA :
Name of publisher, distributor, etc. Vista Higher Learning,
Date of publication, distribution, etc. c2012.
300 ## - PHYSICAL DESCRIPTION
Extent xxiii, 240 p. :
Other physical details ill. ;
Dimensions 28 cm.
500 ## - GENERAL NOTE
General note Includes index.
650 #0 - SUBJECT ADDED ENTRY--TOPICAL TERM
Topical term or geographic name entry element Spanish language
General subdivision Grammar.
9 (RLIN) 11532
650 #0 - SUBJECT ADDED ENTRY--TOPICAL TERM
Topical term or geographic name entry element Spanish language
General subdivision Composition and exercises.
9 (RLIN) 24693
700 1# - ADDED ENTRY--PERSONAL NAME
Personal name Cañón, Paula.
9 (RLIN) 24694
906 ## - LOCAL DATA ELEMENT F, LDF (RLIN)
a 7
b cbc
c orignew
d 3
e epcn
f 20
g y-gencatlg
942 ## - ADDED ENTRY ELEMENTS (KOHA)
Source of classification or shelving scheme Dewey Decimal Classification
Koha item type Books like text book referance book
Suppress in OPAC No
Holdings
Withdrawn status Lost status Source of classification or shelving scheme Damaged status Not for loan Home library Current library Shelving location Date acquired Total Checkouts Full call number Barcode Date last seen Copy number Price effective from Koha item type
    Dewey Decimal Classification     Social Library Social Library General Stacks 12/23/2021   468,242/BLE SHLIB 00011379 12/23/2021 2 12/23/2021 Books like text book referance book
    Dewey Decimal Classification     Social Library Social Library General Stacks 12/23/2021   468,242/BLE SHLIB 00011380 12/23/2021 C1 12/23/2021 Books like text book referance book